APT. - Rosé, Bruno Mars - Statistics

General Stats
  • This quiz has been taken 749 times
    645 since last reset
  • The average score is 268 of 343
Answer Stats
Answer % Correct
a
100%
APT
97%
I
93%
you
92%
you,
92%
me
89%
to
89%
do
88%
Dont'
87%
Don't
87%
like
86%
the
85%
want
85%
baby?
84%
go
84%
kiss
84%
now?
84%
now
84%
my
83%
need
83%
but
82%
crazy
82%
at
81%
All
80%
all
80%
face
80%
Kissy
80%
kissy
80%
meet
80%
tomorrow,
79%
I'm
78%
tonight,
78%
Sleep
77%
Uh,
77%
uh
77%
Uh
77%
(Uh)
77%
(uh)
77%
your
77%
for
76%
Game
76%
game
76%
is
76%
just
76%
Just
76%
on,
76%
(on)
76%
on
76%
lips
74%
phone,
74%
real
74%
what
74%
oh
72%
Oh
72%
Red
71%
red
71%
so
71%
gotta
70%
Sent
70%
start
70%
yeah
67%
Yeah
67%
That's
66%
hearts,
65%
hearts
65%
can
64%
somethin'
63%
feel,
62%
huh
60%
huh,
60%
(huh,)
60%
(huh)
60%
way
60%
Come
59%
(Come)
59%
give
58%
It's
58%
it's
58%
whatever
57%
(whatever)
57%
(Whatever)
57%
get
55%
Hold
54%
hold
54%
tryna
54%
Are
52%
club
52%
know
51%
ready?
51%
Turn
51%
this
49%
night
48%
'Cause
47%
ya,
47%
ya
47%
drink,
46%
party
46%
comin'
44%
into
43%
smoke,
41%
up?
40%
talkin'
39%
Hey,
38%
dance,
37%
what's
37%
freak,
34%
girl,
30%
(woo)
10%
No matching quizzes found
Score Distribution
Percent of People with Each Score
Percentile by Number Answered
Your Score History
You have not taken this quiz since the last reset